College Mascots by Image #2 - Statistics

General Stats
  • This quiz has been taken 60 times
  • The average score is 13 of 16
Answer Stats
Picture Answer % Correct
Florida
98%
Ohio State
96%
Oregon State
96%
Georgia
94%
Tennessee
94%
Kansas
90%
Michigan State
90%
Louisville
88%
Arkansas
86%
BYU
86%
Miami
84%
South Carolina
82%
Washington
78%
Virginia Tech
71%
Wake Forest
67%
Vanderbilt
49%
No matching quizzes found
Score Distribution
Percent of People with Each Score
Percentile by Number Answered
Your Score History
You have not taken this quiz